书目信息 |
| 题名: |
美丽的蝴蝶
|
|
| 作者: | 郭晓晔 著 | |
| 分册: | ||
| 出版信息: | 北京 中国文史出版社 2019.02 |
|
| 页数: | 263页 | |
| 开本: | 24cm | |
| 丛书名: | 中国专业作家纪实文学典藏文库 | |
| 单 册: | ||
| 中图分类: | I253 | |
| 科图分类: | ||
| 主题词: | 纪实文学--ji shi wen xue--中国--当代 | |
| 电子资源: | ||
| ISBN: | 978-7-5205-0860-5 | |
| 000 | 01014nam 2200265 450 | |
| 001 | 202020139890 | |
| 005 | 20200926181351.0 | |
| 010 | @a978-7-5205-0860-5@dCNY58.00 | |
| 100 | @a20200917d2019 em y0chiy50 ea | |
| 101 | 0 | @achi |
| 102 | @aCN@b110000 | |
| 105 | @ay z 000zy | |
| 106 | @ar | |
| 200 | 1 | @a美丽的蝴蝶@Amei li de hu die@f郭晓晔著 |
| 210 | @a北京@c中国文史出版社@d2019.02 | |
| 215 | @a263页@d24cm | |
| 225 | 2 | @a中国专业作家纪实文学典藏文库@Azhong guo zhuan ye zuo jia ji shi wen xue dian cang wen ku |
| 314 | @a郭晓晔, 南京人, 空军作家, 著有长篇纪实文学《东方大审判》等。 | |
| 330 | @a本书是一部纪实文学作品集。内容包括: 《她们从天空摘来桂冠》《经典是怎样练成的》《铁血167天》《锐利和钝重》《美丽的蝴蝶》《赫章, 从凹地升起》《艰难的起飞》《又见上甘岭》。 | |
| 410 | 0 | @12001 @a中国专业作家纪实文学典藏文库 |
| 606 | 0 | @a纪实文学@Aji shi wen xue@y中国@z当代 |
| 690 | @aI253@v5 | |
| 701 | 0 | @a郭晓晔@Aguo xiao ye@4著 |
| 801 | 0 | @aCN@c20190316 |
| 905 | @a河南城建学院图书馆@dI253@eG858 | |
| 美丽的蝴蝶/郭晓晔著.-北京:中国文史出版社,2019.02 |
| 263页;24cm.-(中国专业作家纪实文学典藏文库) |
| ISBN 978-7-5205-0860-5:CNY58.00 |
| 本书是一部纪实文学作品集。内容包括: 《她们从天空摘来桂冠》《经典是怎样练成的》《铁血167天》《锐利和钝重》《美丽的蝴蝶》《赫章, 从凹地升起》《艰难的起飞》《又见上甘岭》。 |
| ● |
| 相关链接 |
|
|
|
正题名:美丽的蝴蝶
索取号:I253/G858
 
预约/预借
| 序号 | 登录号 | 条形码 | 馆藏地/架位号 | 状态 | 备注 |
| 1 | 1489966 | 214899662 | 文学库108/108文学库 67排1列5层/ [索取号:I253/G858] | 在馆 | |
| 2 | 1489967 | 214899671 | 文学库108/108文学库 67排1列5层/ [索取号:I253/G858] | 在馆 |